Обоснование модели алмазной коронки на основе исследования механики разрушения твердых анизотропных пород: автореферат диссертации на соискание ученой степени кандидата технических наук

Detalles Bibliográficos
Autor Principal: Пушмин П. С. Павел Сергеевич
Autor Corporativo: Иркутский государственный технический университет
Outros autores: Нескромных В. В. Вячеслав Васильевич (научный руководитель)
Summary:Заглавие с титульного экрана
Электронная версия печатной публикации
Idioma:ruso
Publicado: Томск, [Б. и.], 2006
Subjects:
Acceso en liña:http://www.lib.tpu.ru/fulltext/a/2006/46.pdf
Formato: Electrónico Libro
KOHA link:https://koha.lib.tpu.ru/cgi-bin/koha/opac-detail.pl?biblionumber=109201

MARC

LEADER 00000nlm0a2200000 4500
001 109201
005 20231031115935.0
035 |a (RuTPU)RU\TPU\book\117874 
090 |a 109201 
100 |a 20070201d2006 k y0rusy50 ca 
101 0 |a rus 
102 |a RU 
105 |a a dm 001zy 
135 |a drbn ---uucaa 
181 0 |a i  
182 0 |a b 
200 1 |a Обоснование модели алмазной коронки на основе исследования механики разрушения твердых анизотропных пород  |b Электронный ресурс  |e автореферат диссертации на соискание ученой степени кандидата технических наук  |f П. С. Пушмин  |g Иркутский государственный технический университет; науч. рук. В. В. Нескромных 
203 |a Текст  |c электронный 
210 |a Томск  |c [Б. и.]  |d 2006 
215 |a 1 файл (674 Kb) 
230 |a Электронные текстовые данные (1 файл : 674 Kb) 
300 |a Заглавие с титульного экрана 
300 |a Электронная версия печатной публикации 
337 |a Adobe Reader 
452 1 |0 (RuTPU)RU\TPU\book\116169  |t Обоснование модели алмазной коронки на основе исследования механики разрушения твердых анизотропных пород  |o автореферат диссертации на соискание ученой степени кандидата технических наук  |o спец. 25.00.14  |f П. С. Пушмин  |g Иркутский государственный технический университет; науч. рук. В. В. Нескромных  |c Томск  |n Б.и.  |d 2006  |p 19 с.  |a Пушмин, Павел Сергеевич 
610 1 |a твердые горные породы 
610 1 |a твердые анизотропные породы 
610 1 |a бурение 
610 1 |a разрушение 
610 1 |a механика 
610 1 |a экспериментальные исследования 
610 1 |a достоверность 
610 1 |a анализ 
610 1 |a статистическая оценка 
610 1 |a алмазные коронки 
610 1 |a базовые конструкции 
610 1 |a обоснование 
610 1 |a авторефераты диссертаций 
610 1 |a труды учёных ТПУ 
610 1 |a электронный ресурс 
675 |a 550.822.7:622.24.05(04)  |v 3 
686 |a 25.00.14  |2 oksvnk 
700 1 |a Пушмин  |b П. С.  |g Павел Сергеевич 
702 1 |a Нескромных  |b В. В.  |g Вячеслав Васильевич  |4 727 
712 0 2 |a Иркутский государственный технический университет  |2 stltpush  |3 (RuTPU)RU\TPU\col\376 
801 1 |a RU  |b 63413507  |c 20070201  |g PSBO 
801 2 |a RU  |b 63413507  |c 20151116  |g RCR 
856 4 |u http://www.lib.tpu.ru/fulltext/a/2006/46.pdf 
942 |c CF